1973 1029 1824 1104 1851 1766 1028 1097 1834 1501 1223 1877 1215 1397 1272 1139 1337 1609 1585 1754 1840 1063 1202 1631 1057 1688 1331 1580 1346 1469 1987 1864 1777 1486 1185 1797 1759 1892 1022 1998 1655 1360 1249 1532 1918 1214 1609 1228 1550 1748 1954 1759 1406 1674 1173 1508 1356 1814 1809 1201 1346 1631 1492 1342 1573 1776 1635 1239 1186 1469 1584 1188 1845 1545 1347 1380 1161 1650 1870 1695 1081 1970 1006 1757 1121 1553 1203 1645 1743 1702 1936 1784 1091 1750 1424 1404 1915 1221 1582 BCNSPRNW ULIB Ver.6.0+V

เปลี่ยนเป็นภาษาไทย

Change to English
 แสดงรายละเอียดบรรณานุกรม
  กลับหน้าหลัก

Brief Record : Get Marc (ISO 2709) : E-mail record : QR code < ปิดหน้าต่าง
LEADER : 00000nam 2200000uu 4500
001    13399111453
003     ULIB
008    110627s||||||||th 000 0 tha d
020    9786165001298
090    นว.^bณ429ค 2554
100 0  ณารา
245 00 คุณชายธราธร/^cณารา
250    พิมพ์ครั้งที่ 4
260    กรุงเทพฯ :^bพิมพ์คำ,^c2554
300    420 หน้า
490 0  นวนิยายชุด สุภาพบุรุษจุฑาเทพ
945    ^p260^l0^i030168
995    ทศพร
999 ^a ใช้งานได้ทุกระบบ
รายการนี้ยังไม่มีแท็ก
คุณยังไม่ได้ล็อกอิน คุณสามารถมีกิจกรรมร่วมกับเว็บไซต์ได้ แต่ต้องล็อกอินก่อน ::
  ล็อกอิน

รายการสื่อสารสนเทศ

ลำดับที่ ประเภท เลขเรียก/บาร์โค้ด สถานที่ สถานะ
- ไม่พบข้อมูล -

รายการใกล้เคียง
    ผู้แต่ง [ณารา]

BibComment


ยังไม่เคยถูกคอมเมนท์

คอมเมนท์ทรัพยากรรายการนี้
  คอมเมนท์: คุณชายธราธร ณารา


 Copyright 2026. Bcnsprnw @Library